000 00696nam a2200289Ia 4500
005 20260324150256.0
008 008 260324s9999 xx 000 0 eng d
020 _a9781003612155
037 _aEBOOK
040 _aCRL
040 _beng
040 _cCRL
041 _2eng
041 _aeng
084 _qCRL
100 _aD. M. Gahagan; G. A. Gahagan
_91225871
245 0 _aTalk Reform
245 0 _bExplorations in Language for Infant School Children
260 _bTaylor and Francis
260 _c1970
365 _a
365 _b135
856 _uhttp://www.taylorfrancis.com/books/9781003612155
942 _cEBOOK
999 _c1835030
_d1835030